000 00399pab a2200157 454500
008 180718b2005 xxu||||| |||| 00| 0 eng d
100 _aMorris, Peter W.G.
245 _aMoving from corporate strategy to project strategy
260 _c2005
300 _ap.5-18.
362 _aDec
650 _aProject management
700 _aJamieson, Ashley
773 _aProject Management
909 _a68325
999 _c68325
_d68325